Catálogo

Nosotros, los modernos : (Registro nro. 1226)

Detalles MARC
000 -LEADER
fixed length control field 01283cam a2200361 i 4500
001 - CONTROL NUMBER
control field 1226
003 - CONTROL NUMBER IDENTIFIER
control field Mx-PuUPA
005 - DATE AND TIME OF LATEST TRANSACTION
control field 20250924142237.0
008 - FIXED-LENGTH DATA ELEMENTS--GENERAL INFORMATION
fixed length control field 140415s2006 sp gr 000 0 spa d
017 ## - COPYRIGHT OR LEGAL DEPOSIT NUMBER
Copyright or legal deposit number M-23651-2006
020 ## - INTERNATIONAL STANDARD BOOK NUMBER
International Standard Book Number 8474907926
040 ## - CATALOGING SOURCE
Original cataloging agency Mx-PuUPA
Language of cataloging spa
Transcribing agency Mx-PuUPA
Modifying agency Mx-PuUPA
Description conventions rda
041 1# - LANGUAGE CODE
Language code of text/sound track or separate title spa
Language code of original fre
100 1# - MAIN ENTRY--PERSONAL NAME
Personal name Finkielkraut, Alain
Dates associated with a name 1949-
Relator term autor
9 (RLIN) 5993
240 10 - UNIFORM TITLE
Uniform title Nous autres, modernes.
Language of a work Español
245 10 - TITLE STATEMENT
Title Nosotros, los modernos :
Remainder of title cuatro lecciones /
Statement of responsibility, etc. Alain Finkielkraut, prólogo de Jon Juaristi, traducción, Miguel Montes
264 #1 - PRODUCTION, PUBLICATION, DISTRIBUTION, MANUFACTURE, AND COPYRIGHT NOTICE
Place of production, publication, distribution, manufacture Madrid :
Name of producer, publisher, distributor, manufacturer Ediciones Encuentro,
Date of production, publication, distribution, manufacture, or copyright notice ©2006
300 ## - PHYSICAL DESCRIPTION
Extent 311 páginas ;
Dimensions 23 cm
336 ## - CONTENT TYPE
Fuente rdacontent
Content type term texto
Content type code txt
337 ## - MEDIA TYPE
Source rdamedia
Media type term sin medio
Media type code n
338 ## - CARRIER TYPE
Source rdacarrier
Carrier type term volumen
Carrier type code nc
490 0# - SERIES STATEMENT
Series statement Ensayos ;
Volume/sequential designation 282
650 #7 - SUBJECT ADDED ENTRY--TOPICAL TERM
Source of heading or term armarc
Topical term or geographic name entry element Filosofía moderna
Chronological subdivision Siglo XX
650 #7 - SUBJECT ADDED ENTRY--TOPICAL TERM
Source of heading or term armarc
Topical term or geographic name entry element Filosofía moderna en la literatura
Chronological subdivision Siglo XX
650 #7 - SUBJECT ADDED ENTRY--TOPICAL TERM
Source of heading or term armarc
Topical term or geographic name entry element Civilización
General subdivision Filosofía
700 1# - ADDED ENTRY--PERSONAL NAME
Personal name Juaristi, Jon,
Relator term prologuista
700 1# - ADDED ENTRY--PERSONAL NAME
Personal name Montes, Miguel,
Relator term traductor
765 0# - ORIGINAL LANGUAGE ENTRY
Main entry heading Finkielkraut, Alain
Place, publisher, and date of publication París : Ellipses, ©2005
Title Nous autres, modernes.
942 ## - ADDED ENTRY ELEMENTS (KOHA)
Source of classification or shelving scheme Dewey Decimal Classification
Koha item type Libro
Classification part 190.904
Item part F4518
Existencias
Withdrawn status Lost status Source of classification or shelving scheme Damaged status Not for loan Collection code Home library Current library Shelving location Date acquired Source of acquisition Total Checkouts Full call number Barcode Date last seen Price effective from Koha item type
    Dewey Decimal Classification     General Centro de Estudios en Ciencia y Religión Centro de Estudios en Ciencia y Religión Sala general 04/09/2025 Compra   190.904 F4518 2006 86427 05/01/2026 04/09/2025 Libro